000 00610nam a2200229Ia 4500
003 OSt
005 20221007072313.0
006 a|||||r|||| 00| 0
007 ta
008 221006b |||||||| |||| 00| 0 eng d
024 _a25,314
037 _cTextual
040 _aFLL
_cFLL
_beng
041 _2eng
_aeng
082 _aZ3:92, J9
100 _aGinsberg Morris Ed.
_9348060
245 0 _aLaw and opinion in England
260 _aLondon
_bStevens & Sons Limited UK
_c1959
300 _aviii,407p
_ccm.
942 _hZ3:92, J9
_cTEXL
_2CC
999 _c1145692
_d1145692